Saws and sawing
| Main Author: | |
|---|---|
| Format: | Book |
| Published: |
London :
Argus Books ,
1986
|
| Series: | Workshop practice series;
no. 10 |
| Subjects: |
MARC
| LEADER | 00000cam a2200000 7i4500 | ||
|---|---|---|---|
| 001 | 0000001610 | ||
| 005 | 20070516093000.0 | ||
| 008 | 021118s1986 | ||
| 020 | |a 0852428871 | ||
| 090 | 0 | 0 | |a TJ1233 |b .B7 |
| 100 | 0 | |a Bradley, Ian , |e author | |
| 245 | 0 | 0 | |a Saws and sawing |c Ian Bradley |
| 260 | 2 | |a London : |b Argus Books , |c 1986 | |
| 300 | |a 95 p. ; ; |c 21 cm. | ||
| 440 | 0 | 0 | |a Workshop practice series; |v no. 10 |
| 650 | 0 | |a Saws | |
| 999 | |a 1000040016 |b Book |c OPEN SHELF (30 DAYS) |e Gong Badak Campus | ||